Civilisation matérielle et capitalisme, XVe-XVIIIe siècle.

Bibliographic Details
Main Author: Braudel, Fernand
Format: Book
Language:French
Published: [Paris,] : A. Colin, 1967-
Series:Destins du monde.
Subjects:

MARC

Tag First Indicator Second Indicator Subfields
LEADER 00000cam a2200000 4500
001 in00000059563
005 20151008050503.0
008 730815m19679999fr af 00010 fre
010 |a  67107271  
015 |a F67-8144 (v. 1) 
035 |a (OCoLC)00678676 
035 |9 AAG1338AM 
040 |a DLC  |c VTU  |d m.c.  |d SER  |d TXA  |d UtOrBLW 
049 |a TXAM  |d [  |v =t.]  |v 1 [474415]  |v 2 [A10941734]  |v 3 [A10941742] 
050 0 0 |a HC45  |b .B7 
092 |a 330.9/03 
100 1 |a Braudel, Fernand. 
245 1 0 |a Civilisation matérielle et capitalisme, XVe-XVIIIe siècle. 
264 1 |a [Paris,] :  |b A. Colin,  |c 1967- 
300 |a volumes :  |b illustrations, plates (part color) ;  |c 24 cm. 
336 |a text  |b txt  |2 rdacontent 
337 |a unmediated  |b n  |2 rdamedia 
338 |a volume  |b nc  |2 rdacarrier 
490 1 |a Destins du monde 
650 0 |a Economic history. 
650 0 |a Social history. 
830 0 |a Destins du monde. 
999 |a MARS 
999 f f |s 8d76aa0b-ec52-310f-a60a-55c737505254  |i 38a8c40b-59f0-3c49-b3df-4ff5702e397e  |t 0 
952 f f |p ric  |a Texas A&M University  |b Rellis Campus  |c Joint Library Facility  |d Remote Storage  |t 0  |e HC45 .B7  |h Library of Congress classification  |i unmediated -- volume  |k t.2  |m A14810941734 
952 f f |p ric  |a Texas A&M University  |b Rellis Campus  |c Joint Library Facility  |d Remote Storage  |t 0  |e HC45 .B7  |h Library of Congress classification  |i unmediated -- volume  |k t.1  |m A14800697668 
952 f f |p ric  |a Texas A&M University  |b Rellis Campus  |c Joint Library Facility  |d Remote Storage  |t 0  |e HC45 .B7  |h Library of Congress classification  |i unmediated -- volume  |k t.3  |m A14810941742 
998 f f |a HC45 .B7  |s t.1-t.3  |t 0  |l Remote Storage